000 00477nam a22001457a 4500
999 _c688
_d688
008 150515b xxu||||| |||| 00| 0 eng d
020 _a9780198065272
050 _aTX 911.5 .L55 2010
100 _aSingaravelavan, R.
245 _aFood & beverage service/
_cR. Singaravelavan.
260 _aIndia:
_bOxford,
_c2010.
300 _axxii,683p. :
_bill. ;
_c24cm.
500 _aincludes index.
650 _aservice
942 _2lcc
_cBOOKS
_hTX 911.5 .L55 2010
_kTX
_m911.5 .L55 2010
_021